000 00426nam a2200157Ia 4500
008 240729s9999 xx 000 0 und d
022 _a2550-3340
245 0 _aSri Lankan Journal of Biology
260 _aSri Lanka
260 _bInstitute of Biology, Sri Lanka
650 _a Biology (General)
650 _aScience
856 _uhttps://doaj.org/toc/38b0fce10ced4379a6f04a633822cab8
942 _2ddc
942 _cDOAJEJ
999 _c72153
_d72153
945 _a1
_bMadushi Gamage
_c1
_dMadushi Gamage